Corporate divident trends during the period industrial growth and planned economic development in India (1947-57) (Record no. 20045)

MARC details
000 -LEADER
fixed length control field 00396nam a2200121Ia 4500
082 ## - DEWEY DECIMAL CLASSIFICATION NUMBER
Classification number 330.34
Item number NIG
100 ## - MAIN ENTRY--AUTHOR NAME
Personal name Joshi, N D
245 #0 - TITLE STATEMENT
Title Corporate divident trends during the period industrial growth and planned economic development in India (1947-57)
260 ## - PUBLICATION, DISTRIBUTION, ETC. (IMPRINT)
Place of publication New Delhi
Name of publisher Ministry of Commerce
Year of publication 1962
700 ## - ADDED ENTRY--PERSONAL NAME
Personal name Nigam, Raj K
942 ## - ADDED ENTRY ELEMENTS (KOHA)
Koha item type Books
Holdings
Withdrawn status Lost status Damaged status Not for loan Home library Current library Date acquired Cost, normal purchase price Full call number Accession Number Koha item type
        RRII Library RRII Library 16/12/2021 11.00 330.34 NIG 00773 Books